000 00633nam a2200193 a 4500
001 000028943
003 OSt
005 20240229073823.0
008 110411s 2008 dr 000 0 spa d
040 _aDO-SdBNP
_bspa
_cBNPHU
049 _aBNPD
082 _bR426r
110 1 _aRepública Dominicana.
_bSuprema Corte de Justicia
_97906
245 1 0 _aResoluciones de interés general de la Suprema Corte de Justicia 2008 /
_cpresentación de Jorge A. Subero Isa.
260 _aSanto Domingo :
_bSuprema Corte de Justicia,
_c[2008]
300 _a105 p. ;
_c22 cm.
700 1 _aSubero Isa, Jorge A.,
_d1947-
_976863
942 _2ddc
_cLBS1
999 _c28435
_d28435